Great political thinkers. : (Record no. 716)

MARC details
000 -LEADER
fixed length control field 00525cam a2200193ua 4500
001 - CONTROL NUMBER
control field 790
005 - DATE AND TIME OF LATEST TRANSACTION
control field 20260515113227.0
008 - FIXED-LENGTH DATA ELEMENTS--GENERAL INFORMATION
fixed length control field 110420n ii |||gr||||Z||||||eng
040 ## - CATALOGING SOURCE
Transcribing agency MAIN
082 ## - DEWEY DECIMAL CLASSIFICATION NUMBER
Classification number 320.5
245 1# - TITLE STATEMENT
Title Great political thinkers. :
Remainder of title East & west. /
Statement of responsibility, etc. By Ram Chandra Gupta.
250 ## - EDITION STATEMENT
Edition statement 5th.
260 ## - PUBLICATION, DISTRIBUTION, ETC.
Place of publication, distribution, etc. New Delhi.:
Name of publisher, distributor, etc. Lakhmi Narayan prakashan.,986.
300 ## - PHYSICAL DESCRIPTION
Extent xi, 537 p.:
Dimensions 24 cm.
653 ## - INDEX TERM--UNCONTROLLED
Uncontrolled term Political science.
653 ## - INDEX TERM--UNCONTROLLED
Uncontrolled term Great political thinkers.
700 ## - ADDED ENTRY--PERSONAL NAME
Personal name Gupta, Ram Chandra.,
942 ## - ADDED ENTRY ELEMENTS (KOHA)
Koha item type Books
Holdings
Withdrawn status Lost status Damaged status Not for loan Home library Current library Shelving location Date acquired Total checkouts Full call number Barcode Date last seen Copy number Price effective from Koha item type
        Naharkatiya College Library Naharkatiya College Library General stacks 09/19/2020   320.5 | GUP 721 09/19/2020 2 09/19/2020 Books
        Naharkatiya College Library Naharkatiya College Library General stacks 09/19/2020   320.5 | GUP 723 09/19/2020 1 09/19/2020 Books